[Event "Natal Potiguar op 11th"]
[Site "Natal"]
[Date "2019.06.09"]
[Round "6"]
[White "Do Nascimento, Davi Alves"]
[Black "Da Silva, Gerson Lennon Cabra"]
[Result "1-0"]
[WhiteElo "1621"]
[BlackElo "1443"]
[PlyCount "73"]
[EventDate "2019.06.07"]
[EventType "swiss"]
[EventRounds "6"]
[EventCountry "BRA"]
[SourceTitle "EXT 2020"]
[Source "ChessBase"]
[SourceDate "2019.10.17"]
[SourceVersion "1"]
[SourceVersionDate "2019.10.17"]
[SourceQuality "1"]

1. e4 c6 2. Nc3 d5 3. Nf3 dxe4 4. Nxe4 Bf5 5. Ng3 Bg4 6. h3 Bxf3 7. Qxf3 Nf6 8. Bc4 e6 9. 0-0 Bd6 10. d3 h6 11. Bd2 Nbd7 12. Ne4 Nxe4 13. Qxe4 Nf6 14. Qf3 0-0 15. Rae1 Re8 16. g4 a5 17. a4 Nd5 18. Kg2 Qf6 19. Bxd5 exd5 20. Qxf6 gxf6 21. Bxh6 Be5 22. b3 Bc3 23. Rxe8+ Rxe8 24. f4 Kh7 25. g5 f5 26. Kf3 Re1 27. Rxe1 Bxe1 28. Bf8 Kg6 29. Ke3 Bc3 30. Bc5 Kh5 31. Bd4 Bb4 32. Bf6 Bc5+ 33. Bd4 Bd6 34. Bb6 Bb4 35. Kd4 Bd6 36. Ke3 Kg6 37. h4 1-0

[Event "Joao Pessoa Fischer Memorial 9th"]
[Site "Joao Pessoa"]
[Date "2018.03.18"]
[Round "6"]
[White "Da Silva, Gerson Lennon Cabra"]
[Black "Reis, Virginia Lagrange M"]
[Result "1-0"]
[WhiteElo "1353"]
[BlackElo "1743"]
[PlyCount "65"]
[EventDate "2018.03.16"]
[EventType "swiss"]
[EventRounds "6"]
[EventCountry "BRA"]
[SourceTitle "CBM 183 Extra"]
[Source "ChessBase"]
[SourceDate "2018.04.19"]
[SourceVersion "1"]
[SourceVersionDate "2018.04.19"]
[SourceQuality "1"]

1. Nf3 c5 2. g3 Nc6 3. Bg2 g6 4. 0-0 Bg7 5. d3 d6 6. Nbd2 Bd7 7. e4 Rb8 8. c3 b5 9. Nb3 Nh6 10. a3 0-0 11. d4 c4 12. Nbd2 f5 13. exf5 Nxf5 14. Ng5 Qc8 15. Ndf3 h6 16. d5 Ne5 17. Nxe5 Bxe5 18. Ne4 Kh7 19. f4 Bh8 20. Bd2 Ng7 21. Rb1 Bf5 22. b3 cxb3 23. Qxb3 Bxe4 24. Bxe4 Qc5+ 25. Kh1 Nf5 26. Qb4 Qc7 27. g4 Ng7 28. f5 gxf5 29. gxf5 Rf6 30. c4 Kg8 31. cxb5 Qd7 32. a4 Nxf5 33. Bxf5 1-0

[Event "Santa Cruz Regional Norte zt"]
[Site "Santa Cruz"]
[Date "2017.05.07"]
[Round "5"]
[White "De Lima, Enzo Magalhaes"]
[Black "Da Silva, Gerson Lennon Cabra"]
[Result "1/2-1/2"]
[WhiteElo "1442"]
[BlackElo "1339"]
[PlyCount "89"]
[EventDate "2017.05.05"]
[EventType "swiss"]
[EventRounds "6"]
[EventCountry "BRA"]
[SourceTitle "EXT 2018"]
[Source "ChessBase"]
[SourceDate "2017.10.13"]
[SourceVersion "1"]
[SourceVersionDate "2017.10.13"]
[SourceQuality "1"]

1. d4 Nf6 2. c4 e5 3. dxe5 Ng4 4. Nf3 Nc6 5. e6 Bb4+ 6. Bd2 dxe6 7. h3 Bxd2+ 8. Qxd2 Qxd2+ 9. Nbxd2 Nf6 10. a3 0-0 11. e3 b6 12. Be2 Bb7 13. 0-0 Rfd8 14. Rfd1 Rd7 15. Rac1 Rad8 16. c5 e5 17. Bb5 a6 18. Bxc6 Bxc6 19. Nxe5 Rxd2 20. Rxd2 Rxd2 21. Nxc6 Rxb2 22. cxb6 Rxb6 23. Ne7+ Kf8 24. Rxc7 Rb1+ 25. Kh2 Ra1 26. Nf5 Rxa3 27. Nd6 Ra2 28. f3 Nd5 29. Rxf7+ Kg8 30. Rd7 Kf8 31. Nf5 Ra5 32. Rxg7 Nxe3 33. Rxh7 Nxf5 34. g4 Kg8 35. Ra7 Ra2+ 36. Kg1 Nh4 37. f4 a5 38. f5 a4 39. f6 a3 40. Rg7+ Kf8 41. g5 Rg2+ 42. Kf1 a2 43. Ra7 a1Q+ 44. Rxa1 Rxg5 45. Ra6 1/2-1/2

[Event "Santa Cruz Regional Norte zt"]
[Site "Santa Cruz"]
[Date "2017.05.05"]
[Round "1"]
[White "Macedo, Alexandre Soares"]
[Black "Da Silva, Gerson Lennon Cabra"]
[Result "1-0"]
[WhiteElo "1856"]
[BlackElo "1339"]
[PlyCount "67"]
[EventDate "2017.05.05"]
[EventType "swiss"]
[EventRounds "6"]
[EventCountry "BRA"]
[SourceTitle "EXT 2018"]
[Source "ChessBase"]
[SourceDate "2017.10.13"]
[SourceVersion "1"]
[SourceVersionDate "2017.10.13"]
[SourceQuality "1"]

1. b4 e5 2. Bb2 d6 3. e3 Be6 4. c4 Nd7 5. Nf3 Nb6 6. d3 Nf6 7. Nbd2 Be7 8. Be2 0-0 9. 0-0 Na4 10. Qxa4 Bd7 11. Qb3 c6 12. Rac1 Be6 13. Ng5 Bd7 14. d4 exd4 15. exd4 d5 16. Rfe1 dxc4 17. Bxc4 b5 18. Bxf7+ Kh8 19. Be6 Nd5 20. Qa3 Bxg5 21. Bxd7 Bxd2 22. Bxc6 Bxe1 23. Rxe1 Qf6 24. Qg3 Nxb4 25. Bxa8 Rxa8 26. Qb3 Nc6 27. d5 Nd4 28. Qe3 h6 29. Bxd4 Qd6 30. Qe7 Qxe7 31. Rxe7 Kg8 32. Rxg7+ Kf8 33. Rh7 Rc8 34. Rh8+ 1-0

[Event "Potiguar-ch sf"]
[Site "Natal"]
[Date "2016.09.18"]
[Round "6.18"]
[White "De Sousa Filho, Alexandre C Rodrigu"]
[Black "Da Silva, Gerson Lennon Cabra"]
[Result "1/2-1/2"]
[WhiteElo "1490"]
[BlackElo "1359"]
[PlyCount "121"]
[EventDate "2016.09.16"]
[EventType "swiss"]
[EventRounds "6"]
[EventCountry "BRA"]
[SourceTitle "EXT 2022"]
[Source "ChessBase"]
[SourceDate "2021.10.06"]
[SourceVersion "1"]
[SourceVersionDate "2021.10.06"]
[SourceQuality "1"]

1. d4 Nf6 2. c4 e5 3. d5 Bb4+ 4. Nd2 d6 5. a3 Bxd2+ 6. Bxd2 Bf5 7. Nf3 0-0 8. Nh4 Qd7 9. Bg5 Ne4 10. Be3 h6 11. f3 Nf6 12. Bd2 Bh7 13. e4 Qe7 14. Nf5 Bxf5 15. exf5 e4 16. Qe2 Re8 17. 0-0-0 Nbd7 18. fxe4 Qxe4 19. Qxe4 Nxe4 20. Re1 Ndc5 21. Be3 Nf6 22. Kd1 Nce4 23. Bd3 Ng4 24. Bxe4 Rxe4 25. Kd2 Rae8 26. Bxa7 b6 27. Rxe4 Rxe4 28. Bb8 Rxc4 29. Rc1 Rd4+ 30. Ke2 Rxd5 31. Bxc7 Re5+ 32. Kd2 Rxf5 33. Bxb6 Nxh2 34. a4 Rd5+ 35. Kc3 Ng4 36. a5 Ne5 37. b4 Rb5 38. Rd1 Nc6 39. Rxd6 Nxb4 40. Kc4 Rg5 41. Kxb4 Rxg2 42. Rd8+ Kh7 43. a6 Ra2 44. a7 Kg6 45. a8Q Rxa8 46. Rxa8 f5 47. Kc3 Kh5 48. Be3 g5 49. Rf8 Kg4 50. Bxg5 hxg5 51. Kd2 f4 52. Ke1 Kf3 53. Rxf4+ Kxf4 54. Kf2 Kg4 55. Kg2 Kh4 56. Kh2 g4 57. Kg2 g3 58. Kg1 Kh3 59. Kh1 g2+ 60. Kg1 Kh4 61. Kxg2 1/2-1/2